000 01051cam a2200313 a 4500
001 000010566
005 20200929162242.0
008 970314m1996 sp b 000 0 spa
020 _a8475064507 (v. 1)
035 _a(DLC) 97127847
035 _a(SpBaP)pu 960015362
040 _aDO-SdBNP
_cDLC
082 _a868.5
_bL333ó
100 1 _aLarra, Mariano José de,
_d1809-1837.
_98739
240 1 0 _aWorks.
_f1996
245 1 0 _aObras completas /
_cMariano José de Larra ; edición y prólogo de Luis Iglesias Feijoo.
260 _aMadrid :
_bFundación José Antonio de Castro,
_c1996-.
300 _av. ;
_c23 cm.
490 1 _aBiblioteca Castro
500 _ala biblioteca posee el volumen 1
504 _aIncluye referencias bibliográficas (v. 1, p. LII-LIV).
505 1 _a1. Articulos
650 4 _aArticulos de prensa
_943
650 4 _aLiteratura española
_xSiglo xix
_925634
700 1 _aIglesias Feijoo, Luis.
_eed.
_917658
830 0 _aBiblioteca Castro ;
_912631
910 _aCatalogación por copia / LC
049 _aBNGR
999 _c10324
_d10324